| 000 | 01381nam2a22003011 4500 | ||
|---|---|---|---|
| 001 | rc\2138239 | ||
| 005 | 20260407140046.0 | ||
| 035 | _a(NLR Aleph) 006701465 | ||
| 090 |
_a5248605 _c5248605 |
||
| 100 | _a20110829d1978 |||y0rusy50 ca | ||
| 101 | 0 | _arus | |
| 102 | _aRU | ||
| 105 | _aa z ||||| | ||
| 200 | 1 |
_aДокембрий III _f[Н.П. Семененко, И.Н. Бордунов, Н.И. Половко и др.] |
|
| 210 |
_d1978 _aБ. м. |
||
| 215 |
_a367 с., 3 л. ил. _cил. |
||
| 300 | _aРез. англ. | ||
| 320 | _aБиблиогр.: с. 356-364 | ||
| 461 | 0 |
_1001rc\2138237 _12001#$aЖелезисто-кремнистые формации Украинского щита$eВ 2-х т.$f[Отв. ред. Н.П. Семененко]$vТ. 2 _95248589 _cКиев _d1978- _f[Отв. ред. Н.П. Семененко] _nНаук. думка _oВ 2-х т. _tЖелезисто-кремнистые формации Украинского щита _vТ. 2 |
|
| 701 | 1 |
_aБордунов _bИ.Н. |
|
| 701 | 1 |
_aПоловко _bН.И. |
|
| 701 | 1 |
_aСемененко _bН.П. _gНиколай Пантелеймонович |
|
| 712 | 0 | 2 |
_aИнститут геохимии и физики минералов _cКиев _3RU\NLR\AUTH\8810005371 _9508103 |
| 801 | 0 |
_aRU _bNLR _gpsbo |
|
| 801 | 1 |
_aRU _bELAR _2rusmarc |
|
| 852 |
_aNLR _j78-7/1520 |
||
| 942 | _cBOOK | ||
| 980 | _aNB | ||